| 000 | 00684cam a2200241 a 4500 | ||
|---|---|---|---|
| 008 | |||
| 020 | _a0471570044 (hbk.) | ||
| 049 | _aMAIN | ||
| 090 |
_aTA460 _bWAG |
||
| 100 | 1 | _aWagoner, Robert H. | |
| 245 | 1 | 0 |
_aFundamentals of metal forming / _cRobert H. Wagoner, Jean-Loup Chenot. |
| 260 |
_aNew York, N.Y. : _bWiley , _cc1997. |
||
| 300 |
_axiv, 389 p. : _bill. ; _c26 cm. |
||
| 500 | _aIncludes index. | ||
| 650 | 0 | _aMechanical properties. | |
| 650 | 0 | _aMetal-work. | |
| 700 | 1 | _aChenot, J.L. | |
| 907 |
_a.b10065891 _b04-10-12 _c17-04-03 |
||
| 003 | |||
| 005 | 20230123133241.0 | ||
| 040 | _cNUST | ||
| 942 |
_cBOOKS _kTA460 _mWAG |
||
| 999 |
_c145353 _d145353 |
||